| 000 | 00625nam a22001935i 4500 | ||
|---|---|---|---|
| 001 | 177191 | ||
| 003 | ES-MaACL | ||
| 005 | 20230906220256.0 | ||
| 008 | 110308s1967 sp |||| | spa d | ||
| 080 | _a821.134.2-311.2"19" | ||
| 100 | 1 |
_aGaos, Ignacio. _953901 |
|
| 245 | 1 | 3 |
_aLa velada / _cIgnacio Gaos. |
| 260 |
_a[Madrid : _bAlfaguara], _c1967. |
||
| 300 |
_a111 p. ; _c17 cm. |
||
| 490 | 1 |
_aLa novela popular. Contemporánea, inédita, española ; _v64 |
|
| 830 | 0 |
_aLa novela popular. Contemporánea, inédita, española ; _v64 _9188024 |
|
| 852 |
_aES-MaACL _jE-14610 _xOlim P-213-Ter |
||
| 999 |
_c177191 _d177191 |
||